000 00647cam a2200241 4500
001 J1943
008 090401t1993 xxu||||| |||| 00| 0 eng d
035 _a(Sirsi) u46384
041 _aeng
050 _a333.70285
100 _aWinterkorn, Erik
245 _aCICA survey of local authority GIS usage.
260 _aCambridge
_bCICA
_c1993
300 _a33 leaves ; 21x30cm.
350 _a0
650 _aGIS
650 _aLOCAL AUTHORITIES
650 _aSOFTWARE
690 _aMANAGEMENT-BUSINESS MANAGEMENT-INFORMATION MANAGEMENT
710 _aConstruction Industry Computing Association
_92635
942 _n0
948 _c04/03/1997
999 _c91919
_d91919